/ ہندوستان کی شاندار ما ضی (Record no. 109449)

MARC details
000 -LEADER
fixed length control field 00879nam a22002297a 4500
005 - DATE AND TIME OF LATEST TRANSACTION
control field 20170123162354.0
010 ## - LIBRARY OF CONGRESS CONTROL NUMBER
LC control number 008554
020 ## - INTERNATIONAL STANDARD BOOK NUMBER
Terms of availability 1.80
035 ## - SYSTEM CONTROL NUMBER
System control number 008554
037 ## - SOURCE OF ACQUISITION
Source of stock number/acquisition Cen Lib/Ret
040 ## - CATALOGING SOURCE
Original cataloging agency DPL
Language of cataloging UR
082 ## - DEWEY DECIMAL CLASSIFICATION NUMBER
Classification number 900
Item number ہ ا ء
100 ## - MAIN ENTRY--PERSONAL NAME
Personal name ہائی لینڈ، جاں ایس
9 (RLIN) 137861
245 ## - TITLE STATEMENT
Title / ہندوستان کی شاندار ما ضی
Remainder of title
Statement of responsibility, etc جاں ایس ہائی لینڈ ؛ [اور] مترجم سید مبارز الدین رفعت
246 ## - VARYING FORM OF TITLE
Title proper/short title Hindustan ki shandar mazi /
Remainder of title by John S. Highland; [and] Translated by Saiyyad mubaraz-Uddin Rafat
260 ## - PUBLICATION, DISTRIBUTION, ETC. (IMPRINT)
Place of publication, distribution, etc دہلی
Name of publisher, distributor, etc (انجمن ترقی اردو(ہند
Date of publication, distribution, etc 1944
270 ## - ADDRESS
Address اردو گھر, روس ایونیو
City دہلی
300 ## - PHYSICAL DESCRIPTION
Extent 238p.
Dimensions 17cm(Hb)
650 ## - SUBJECT ADDED ENTRY--TOPICAL TERM
Topical term or geographic name as entry element قدیم تاریخ
9 (RLIN) 137862
650 ## - SUBJECT ADDED ENTRY--TOPICAL TERM
Topical term or geographic name as entry element Ancient history
9 (RLIN) 137863
942 ## - ADDED ENTRY ELEMENTS (KOHA)
Source of classification or shelving scheme Dewey Decimal Classification
Koha item type Urdu Bks
Classification part 900
Call number suffix ہ ا ء
Holdings
Withdrawn status Lost status Damaged status Not for loan Home library Current library Date acquired Source of acquisition Cost, normal purchase price Total Checkouts Full call number Barcode Date last seen Copy number Cost, replacement price Price effective from Koha item type
        Central Library Central Library 11/03/2016 Cen Lib/Ref 1.80   900 ہ ا ء 008554 11/03/2016 1 1.80 11/03/2016 Urdu Bks

© Delhi Public Library
Hit Counter
free hit counter